Normal view
MARC view
Entry Personal Name
001 - CONTROL NUMBER
- control field: 31544
003 - CONTROL NUMBER IDENTIFIER
- control field: OSt
005 - DATE AND TIME OF LATEST TRANSACTION
- control field: 20160112162750.0
008 - FIXED-LENGTH DATA ELEMENTS
- fixed length control field: 160112|| aca||aabn | a|a d
040 ## - CATALOGING SOURCE
- Original cataloging agency: OSt
- Transcribing agency: OSt
100 ## - HEADING--PERSONAL NAME
- Personal name: Sharawat,Ankit
670 ## - SOURCE DATA FOUND
- Source citation: Work cat.: (OSt)49109: Sharawat,Ankit, Mater Guide SSC Combined Graduate Level (CGL) Tier-I Exam., 2014









